| 000 | 00611nam a2200193 a 4500 | ||
|---|---|---|---|
| 003 | PILC | ||
| 005 | 20150112093439.0 | ||
| 008 | 100723s19uu xx 00 eng d | ||
| 020 | _a0671708635 | ||
| 050 |
_aBF 637 _b.C873 1998 |
||
| 082 |
_aMnSF 658.31244 _bC831 1998 |
||
| 100 |
_aCovey, Franklin _917197 |
||
| 245 |
_aThe 7 habits of highly effective people / _cFranklin Covey |
||
| 260 |
_aPhilippines _bFrankin Covey Co _c1998. |
||
| 300 |
_a358 pages : _c22 cm. |
||
| 650 |
_aLeadership- Handbook, manual, etc. _917198 |
||
| 650 |
_aPeople empowerment -, Handbook, manual, etc. _917199 |
||
| 942 |
_2lcc _cBK |
||
| 999 |
_c14665 _d14665 |
||